000 01052cab a2200253 4500
001 WB3522-27
008 090401t1999 xxu||||| |||| 00| 0 eng d
035 _a(Sirsi) u93844
041 _aeng
245 _aConsequences of brownfield strategy
260 _c1999
350 _a0
490 _aEstates Gazette
_v(9925) 5 June 1999, 52(1)
520 _aThe RICS has warned that the government's sequential test policy for residential development, set out in the draft PPG3, could lead to a housing shortage. The RICS is concerned that this could be applied too rigidly, releasing nothing until brownfield sites have been used. Argues that the test should not apply to applications for residential development on sites already allocated for the purpose in a local plan.
650 _aBROWNFIELD DEVELOPMENT
650 _aGOVERNMENT POLICIES
650 _aGREENFIELD DEVELOPMENT
650 _aPPG3
650 _aRESIDENTIAL DEVELOPMENT
650 _aSEQUENTIAL TESTS
690 _aHOUSING-DEVELOPMENT
942 _n0
948 _c09/06/1999
999 _c59476
_d59476